Представление документа в формате RUSMARC

ПолеНазваниеЗначение
  Тип записи a
  Библиографический уровень a
001 Контрольный номер RU/CBS_Ul/BASE/509467185
005 Дата корректировки 20250122233007.9
100 Данные общей обработки __
a Данные общей обработки 20160222d2016 ||| 0rusy0189 ca
101 Язык документа 0_
a Язык текста rus
102 Страна публикации __
a Страна публикации RU
105 Кодированные данные (монография) __
a Кодированные данные (монография) y###||||000|y
200 Заглавие и сведения об ответственности 1_
a Заглавие Победа павшего
b Общее обозначение материала Текст
e Сведения, относящиеся к заглавию [об адмирале, герое Первой обороны Севастополя Владимире Корнилове]
f Первые сведения об ответственности К. Кудряшов
300 Общие примечания __
a Общие примечания Ограничения по возрасту - 16+
461 Уровень набора _0
1 2000
a Аргументы и факты
463 Уровень физической единицы _0
1 001RU/CBS_Ul/BASE/509465534
1 2000
a № 6 (10-16 фев.)
v С. 12 : ил.
1 210
d 2016
600 Персоналии _0
a Персоналии (Фамилия) Корнилов
b Персоналии (Имя, инициалы) В.А.
606 Тематические рубрики 0_
a Основная рубрика Корнилов, Владимир Алексеевич (1806 - 1854)
z Хронологическая подрубрика 19 в.
610 Ключевые слова 0_
a Ключевые слова войны
a Ключевые слова Крымская война
a Ключевые слова адмиралы
a Ключевые слова героизм
a Ключевые слова герои
a Ключевые слова сражения
a Ключевые слова Наваринское сражение
a Ключевые слова сражения морские
a Ключевые слова корабли морские
686 Индексы других классификаций __
a Классификационный индекс 63.3(2)47
2 Код системы ББК
700 Автор _1
a Фамилия Кудряшов
b Имя (инициалы) К.
801 Источник записи _0
a Страна RU
b Организация МБУК ЦБС г. Ульяновска
c Дата составления 20160222
g Правила каталогизации RCR
801 Источник записи _1
a Страна RU
b Организация МБУК ЦБС г. Ульяновска
c Дата составления 20160222
g Правила каталогизации RCR
901 Тип документа __
t Тип документа f
w Контрольный № источника RU/CBS_Ul/BASE/509465534
910 Корректоры записи __
a Корректор записи Библиотека 1
938 Служебная информация __
a Имя БД period